Squali Italiani - Statistics

Statistiche generali
  • Questo quiz è stato fatto 10 volte
  • Il punteggio medio è 7 su 34
Statistiche sulle risposte
Risposta % Corretto
Squalo Bianco
100%
Squalo Martello
78%
Squalo Azzurro
67%
Squalo Elefante
67%
Squalo Mako
67%
Squalo Tigre
67%
Squalo Toro
67%
Squalo Volpe
56%
Squalo Grigio
44%
Gattuccio
11%
Smeriglio
11%
Squalo Palombo
11%
Squalo Pinnanera
11%
Cagnaccio
0%
Canesca
0%
Centroforo
0%
Centroscimmo
0%
Moretto
0%
Notidano
0%
Pesce Porco
0%
Pesce Vacca
0%
Ronco
0%
Spinarolo
0%
Squadro
0%
Squadrolino
0%
Squalo Bruno
0%
Squalo Latteo
0%
Squalo Manzo
0%
Squalo Nasuto
0%
Squalo Orlato
0%
Squalo Pinnacorta
0%
Squalo Ramato
0%
Squalo Serico
0%
Zigrino
0%
Nessun quiz corrispondente trovato
Distribuzione punteggi
Percentuale di utenti per punteggio
Percentile per numero di risposta
I tuoi punteggi nel tempo
Non hai fatto questo quiz